000 00573nam a2200229Ia 4500
003 OSt
005 20220924143313.0
006 a|||||r|||| 00| 0
007 ta
008 220923b |||||||| |||| 00| 0 urd d
024 _a307667
037 _cTextual
040 _aARTS
_cARTS
_burd
041 _2urd
_aurd
082 _aLD:4:6, 168N6
100 _aPrashad Soofi Lachman
_9215348
245 0 _aMastan Jogi
260 _c1996
650 _aMEDICINE
_94387
942 _hLD:4:6, 168N6
_cTEXL
_2CC
999 _c453992
_d453992